000 00719nam a2200241Ia 4500
003 OSt
005 20220925210634.0
006 a|||||r|||| 00| 0
007 ta
008 220923b |||||||| |||| 00| 0 eng d
020 _a0813818400
037 _cGeneral Book
040 _aRTL
_cRTL
_beng
041 _2eng
_aeng
082 _aX9(J):51.73.N7, L6
100 _aBreimyer Harold F
_9272848
245 0 _aEconomics of the product markets of agriculture
260 _aIowa
_bIowa State University Press
_c1976
300 _ax, 208p. Glossary p. 201-08
_ccm.
650 _aAgricultural Industry
942 _hX9(J):51.73.N7, L6
_cGB
_2CC
999 _c555679
_d555679